|
|
|
|
| LEADER |
01000nab a2200241 i 4500 |
| 001 |
misc65789 |
| 005 |
20240830150331.0 |
| 008 |
240222s1964 hu o 000 hun d |
| 022 |
|
|
|a 0025-0368
|
| 040 |
|
|
|a SZTE Miscellanea Repozitórium
|b hun
|
| 041 |
|
|
|a hun
|
| 100 |
1 |
|
|a Szilágyi Ferenc
|
| 245 |
1 |
0 |
|a Adatok Kőrösi Csoma Sándor életrajzához
|h [elektronikus dokumentum] /
|c Szilágyi Ferenc
|
| 260 |
|
|
|a Akadémiai Nyomda
|b [Budapest]
|c 1964
|
| 300 |
|
|
|a 267-291
|c 24 cm
|
| 300 |
|
|
|a [25] p.
|c 24 cm
|
| 490 |
0 |
|
|a A Magyar Tudományos Akadémia Nyelv- és Irodalomtudományi Osztályának Közleményei
|
| 561 |
|
|
|a Németh Gyula hagyaték
|
| 591 |
|
|
|a NOT 5862; NOT 5863; LOT 3814; ROT 751
|
| 650 |
|
4 |
|a Bölcsészettudományok
|
| 650 |
|
4 |
|a Nyelvek és irodalom
|
| 695 |
|
|
|a Kőrösi Csoma Sándor, Keletkutatás - magyar - 1819-1842 - életrajz, Nyelvtudomány - magyar - 19. sz. - életrajz
|
| 856 |
4 |
0 |
|u http://misc.bibl.u-szeged.hu/65789/1/5862_not.pdf
|z Dokumentum-elérés
|